Handbook of procurement / (Record no. 8281)
[ view plain ]
| 000 -LEADER | |
|---|---|
| fixed length control field | 02780nam a22002051a 4500 |
| 020 ## - INTERNATIONAL STANDARD BOOK NUMBER | |
| ISBN | 9781107402317 |
| 050 #4 - CALL NUMBER | |
| Classification number | HF5437 |
| Item number | .H19 |
| 245 00 - TITLE | |
| Title | Handbook of procurement / |
| Statement of responsibility, etc | edited by Nicola Dimitri, Gustavo Piga and Giancarlo Spagnolo. |
| 260 ## - PUBLICATION INFORMATION | |
| Place of publication | Cambridge, UK ; |
| -- | New York : |
| Name of publisher | Cambridge University Press, |
| Year of publication | 2011. |
| 300 ## - DESCRIPTION | |
| Number of Pages | 1 online resource (xv, 544 pages : : |
| Other physical details | illustrations.) |
| 500 ## - NOTES | |
| General note | Includes Index |
| 505 0# - FORMATTED CONTENTS NOTE | |
| Table of Content | Introduction / Nicola Dimitri, Gustavo Piga and Giancarlo Spagnolo -- The variety of procurement practice : evidence from public procurement / Laura Carpineti, Gustavo Piga and Matteo Zanza -- When should procurement be centralized? / Nicola Dimitri, Federico Dini and Gustavo Piga -- Procurement contracting strategies / Gian Luigi Albano, Giacomo Calzolari, Federico Dini, Elisabetta Iossa and Giancarlo Spagnolo -- Incentives and award procedures : competitive tendering vs. negotiations in procurement / Patrick Bajari and Steve Tadelis -- Competitive tendering strategies -- Information and competitive tendering / Gian Luigi Albano, Nicola Dimitri, Riccardo Pacini, Giancarlo Spagnolo -- Division in lots and competition in procurement / Veronika Grimm, Riccardo Pacini, Giancarlo Spagnolo and Matteo Zanza -- Multi-contract tendering procedures and package bidding in procurement / Nicola Dimitri, Riccardo Pacini, Marco Pagnozzi and Giancarlo Spagnolo -- Dynamic auctions in procurement / Lawrence M. Ausubel and Peter Cramton -- Attracting and screening participants -- Pricing and other business strategies for e-procurement platforms / Bruno Jullien -- Fostering participation / Gian Luigi Albano, Nicola Dimitri, Isabelle Perrigne and Gustavo Piga -- Scoring rules / Federico Dini, Riccardo Pacini, Tommaso Valletti -- Managing risky bids / Andreas Engel, Juan-José Ganuza, Esther Hauk and Achim Wambach -- Preventing collusion and corruption -- Preventing collusion in procurement / Gian Luigi Albano, Paolo Buccirossi, Giancarlo Spagnolo and Matteo Zanza -- Bidding rings and the design of anti-collusive measures for auctions and procurements / William E. Kovacic, Robert C. Marshall, Leslie M. Marx and Matthew E. Raiff -- Corruption in procurement auctions / Yvan Lengwiler and Elmar Wolfstetter -- Dynamic forces and innovation -- Managing dynamic procurements / Tracy R. Lewis and Huseyin Yildirim -- Designing reputation mechanisms / Chrysanthos Dellarocas, Federico Dini and Giancarlo Spagnolo -- Procuring innovations / Luis Cabral, Guido Cozzi, Vincenzo Denicolo, Giancarlo Spagnolo and Matteo Zanza. |
| 650 #0 - SUBJECTS | |
| Topical Term | Purchasing |
| General subdivision | Management. |
| 650 #0 - SUBJECTS | |
| Topical Term | Purchasing departments. |
| 650 #0 - SUBJECTS | |
| Topical Term | Industrial procurement. |
| 700 1# - OTHER AUTHORS | |
| Personal name | Dimitri, Nicola. |
| 700 1# - OTHER AUTHORS | |
| Personal name | Piga, Gustavo, |
| 700 1# - OTHER AUTHORS | |
| Personal name | Spagnolo, Giancarlo. |
| 942 ## - ADDED ENTRY ELEMENTS (KOHA) | |
| Koha item type | Books |
| Withdrawn status | Lost status | Collection code | Home library | Current library | Shelving location | Date acquired | Source of acquisition | Cost, normal purchase price | Full call number | Accession Number | Koha item type |
|---|---|---|---|---|---|---|---|---|---|---|---|
| Reference | Methodist University Library Main | Methodist University Library Main | General Stacks | 27/06/2022 | UG Bookshop | 292.00 | HF5437 .H19 | 8752 | Books | ||
| Reference | Methodist University Library Tema | Methodist University Library Tema | General Stacks | 27/06/2022 | UG Bookshop | 292.00 | HF5437 .H19 | 8751 | Books |